| 000 | 00000nam##2200000za#4500 |
| 001 | 9.572254 |
| 003 | CaOODSP |
| 005 | 20220111083050 |
| 007 | cr ||||||||||| |
| 008 | 150406|1991||||xxc|||||o f|0| 0 eng|d |
| 022 | |a1928-6414 |
| 040 | |aCaOODSP|beng |
| 043 | |an-cn--- |
| 086 | 1 |aNE22-1/1991-7E-PDF |
| 110 | 1 |aCanada. |bNational Energy Board. |
| 245 | 10|aReasons for decision in the matter of TransCanada Pipelines Limited : |h[electronic resource]|breview under part I of the National Energy Board Act of the Board's decision to deny issuance of a certificate in respect of the Gananoque Extension; and application entitled "Gananoque Extension Review Application" |
| 246 | 1 |iVariant title : |aTransCanada Pipelines Limited |
| 260 | |aOttawa - Ontario : |bNational Energy Board |cApril 1991. |
| 300 | |a90p.|bmaps, table |
| 490 | 1 |aReasons for decision|x1928-6414|vGH-4-90 |
| 500 | |aThe catalogue number (NE22-1/1991-7E) and ISBN (0-662-18903-5) for the print edition have been incorrectly copied in this electronic publication. |
| 590 | |a12-06-Supp|b2012-03-07 |
| 775 | 08|tMotifs de décision relativement à TransCanada PipeLines Limited : |w(CaOODSP)9.602642 |
| 830 | #0|aReasons for decision (Canada. National Energy Board)|x1928-6414|vGH-4-90|w(CaOODSP)9.504480 |
| 856 | 40|ahttp://publications.gc.ca|qPDF|s490 KB|uhttps://publications.gc.ca/collections/Collection/NE22-1-1991-7E.pdf|yGH-4-90 |